3 największe miasta w woj. zachodniopomorskim zawierające literę - Statystyki

Ogólne statystyki
  • Ten quiz został rozwiązany 75 razy
  • Średni wynik to 61 z 83
Statystyki odpowiedzi
Litera Odpowiedź % Poprawnych
B Kołobrzeg
97%
Kołobrzeg
97%
Kołobrzeg
97%
Kołobrzeg
97%
Ł Kołobrzeg
97%
Kołobrzeg
97%
Kołobrzeg
97%
Kołobrzeg
97%
Świnoujście
97%
Świnoujście
97%
Świnoujście
97%
J Świnoujście
97%
Świnoujście
97%
Świnoujście
97%
Ś Świnoujście
97%
U Świnoujście
97%
W Świnoujście
97%
C Szczecin
97%
E Szczecin
97%
I Szczecin
97%
N Szczecin
97%
S Szczecin
97%
Z Szczecin
97%
A Koszalin
94%
Koszalin
94%
K Koszalin
94%
L Koszalin
94%
Koszalin
94%
O Koszalin
94%
Koszalin
94%
Koszalin
94%
F Gryfino
90%
Y Gryfino
90%
Gryfice
87%
Gryfice
87%
Stargard
87%
D Stargard
87%
G Stargard
87%
R Stargard
87%
Stargard
87%
T Stargard
87%
Szczecinek
87%
Szczecinek
87%
Police
84%
P Police
84%
M Drawsko Pomorskie
77%
Drawsko Pomorskie
77%
Wałcz
77%
Wałcz
77%
Wałcz
77%
Myślibórz
74%
Myślibórz
74%
Myślibórz
74%
Kamień Pomorski
71%
Ń Kamień Pomorski
71%
H Choszczno
65%
Goleniów
65%
Ó Goleniów
65%
Goleniów
65%
Białogard
61%
Białogard
61%
Białogard
61%
Białogard
61%
Międzyzdroje
61%
Barlinek
55%
Pyrzyce
55%
Pyrzyce
55%
Nowogard
48%
Nowogard
48%
Chojna
39%
Chojna
39%
Ę Dębno
39%
Połczyn-Zdrój
35%
Borne Sulinowo
32%
Chociwel
32%
Trzebiatów
29%
Trzebiatów
29%
Ińsko
26%
Trzcińsko-Zdrój
26%
Tuczno
19%
Płoty
16%
Węgorzyno
10%
Świdnin
3%
Nie znaleziono quizów pasujących do podanych kryteriów
Rozkład punktacji
Procent ludzi z każdym wynikiem
Percentyl według liczby udzielonych odpowiedzi
Twoja historia wyników
Nie rozwiązałeś tego quizu